Principles of general psychology (Record no. 3169)

000 -LEADER
fixed length control field 00842cam a2200301 4500
001 - CONTROL NUMBER
control field 1225702
003 - CONTROL NUMBER IDENTIFIER
control field OSt
005 - DATE AND TIME OF LATEST TRANSACTION
control field 20170105101210.0
008 - FIXED-LENGTH DATA ELEMENTS--GENERAL INFORMATION
fixed length control field 680301s1968 nyua b 000 0 eng
010 ## - LIBRARY OF CONGRESS CONTROL NUMBER
LC control number 68021513
035 ## - SYSTEM CONTROL NUMBER
System control number (OCoLC)ocm00171422
035 ## - SYSTEM CONTROL NUMBER
System control number (NNC)1225702
040 ## - CATALOGING SOURCE
Original cataloging agency DLC
Transcribing agency DLC
Modifying agency m.c.
-- ZCU
050 0# - LIBRARY OF CONGRESS CALL NUMBER
Classification number BF131
Item number .K5 1968
082 ## - DEWEY DECIMAL CLASSIFICATION NUMBER
Classification number 150
100 1# - MAIN ENTRY--PERSONAL NAME
Personal name Kimble, Gregory A.
245 10 - TITLE STATEMENT
Title Principles of general psychology
Statement of responsibility, etc. [by] Gregory A. Kimble [and] Norman Garmezy.
250 ## - EDITION STATEMENT
Edition statement 3d ed.
260 ## - PUBLICATION, DISTRIBUTION, ETC.
Place of publication, distribution, etc. New York,
Name of publisher, distributor, etc. Ronald Press Co.
Date of publication, distribution, etc. [1968]
300 ## - PHYSICAL DESCRIPTION
Extent x, 756 p.
Other physical details illus.
Dimensions 26 cm.
500 ## - GENERAL NOTE
General note On spine: General psychology.
504 ## - BIBLIOGRAPHY, ETC. NOTE
Bibliography, etc. note Bibliography: p. 721-741.
650 #0 - SUBJECT ADDED ENTRY--TOPICAL TERM
Topical term or geographic name entry element Psychology.
700 1# - ADDED ENTRY--PERSONAL NAME
Personal name Garmezy, Norman,
Relator term author.
740 01 - ADDED ENTRY--UNCONTROLLED RELATED/ANALYTICAL TITLE
Uncontrolled related/analytical title General psychology.
942 ## - ADDED ENTRY ELEMENTS (KOHA)
Source of classification or shelving scheme
Koha item type Book
Holdings
Withdrawn status Lost status Source of classification or shelving scheme Damaged status Not for loan Collection code Permanent Location Current Location Shelving location Date acquired Total Checkouts Full call number Barcode Date last seen Price effective from Koha item type
            Central Library (CL) Central Library (CL) General Stacks 05/18/2016   150 KIM S3H-D-120 09/16/2023 05/18/2016 Book
© 2023 Central Library, National University of Sciences and Technology. All Rights Reserved.